Proyección práctica de la dignidad humana
-д хадгалсан:
| Үндсэн зохиолч: | |
|---|---|
| Формат: | Ном |
| Хэл сонгох: | испани |
| Хэвлэсэн: |
Madrid
Fundación Emmanuel Mounier
2014
|
| Хэвлэл: | 1a. ed |
| Цуврал: | Colección Sinergia Serie Roja, 50
|
| Нөхцлүүд: | |
| Шошгууд: |
Шошго нэмэх
Шошго байхгүй, Энэхүү баримтыг шошголох эхний хүн болох!
|
MARC
| LEADER | 00000cam a2200000 a 4500 | ||
|---|---|---|---|
| 001 | UCC9538 | ||
| 003 | CL-VaPUC | ||
| 008 | 191004e20140000sp |||||||||||||||||spa|d | ||
| 020 | |a 9788415809166 | ||
| 082 | 0 | 4 | |a 323.4 |b GUT |2 21 |
| 100 | 0 | |a Gutiérrez Díaz, José Manuel |e author |9 604675 | |
| 245 | 1 | 0 | |a Proyección práctica de la dignidad humana |
| 250 | |a 1a. ed | ||
| 300 | |a 99 p | ||
| 942 | |c BK | ||
| 945 | |d 20191004 13:59:00 |a dcastane | ||
| 260 | |a Madrid |b Fundación Emmanuel Mounier |c 2014 | ||
| 650 | 0 | |a Derechos humanos |9 223025 | |
| 650 | 0 | |a Derechos fundamentales |9 254841 | |
| 650 | 0 | |a Dignidad humana |9 394427 | |
| 583 | |a last modification |c 20191004 13:59:00 |k Rodrigo Vera | ||
| 490 | 0 | |a Colección Sinergia Serie Roja, 50 | |
| 999 | |c 375718 |d 375716 | ||
| 952 | |0 0 |1 0 |3 erb |4 0 |6 323_400000000000000_GUT_2014 |7 0 |8 WP_COW |9 561520 |a BIBDER |b BIBDER |e Fundación W and P Cowley |i 5605334 |o 323.4 GUT 2014 |p 5605334 |r 2023-01-25 |w 2020-03-12 |y BK |z Catalogado en:20191004 |k WPC | ||